000 00419nam a22001457a 4500
008 201006b ||||| |||| 00| 0 eng d
082 _a920
_bKAR
110 _aKapoor Singh
_cEditor
245 _aRam Sarup Arya :
_bFelicitation Valume
260 _aJhunjhunu, Rajasthan
_bDr. Ghasi Ram Verma Samaj Seva Samiti
_c2013
300 _a376p.
650 _aGENERAL BOOKS
_bGifted Book
710 _aSikha Singh
942 _cGBK
999 _c40844
_d40844